The light of his clan / (Record no. 142732)

MARC details
000 -LEADER
fixed length control field 00512nam a22001817a 4500
005 - DATE AND TIME OF LATEST TRANSACTION
control field 20170720150652.0
010 ## - LCCN (DPL NO)
LC control number ENG-119302
020 ## - INTERNATIONAL STANDARD BOOK NUMBER
International Standard Book Number 9789385755026
Terms of availability 399.00
035 ## - SYSTEM CONTROL NUMBER
System control number EN-102834
037 ## - SOURCE OF ACQUISITION
Source of stock number/acquisition DBAD/PUB
082 00 - DEWEY DECIMAL CLASSIFICATION NUMBER
Classification number N
100 ## - MAIN ENTRY--PERSONAL NAME
Personal name Shrestha,Chetan Raj
245 14 - TITLE STATEMENT
Title The light of his clan /
Statement of responsibility, etc by Chetan Raj Shrestha
260 ## - PUBLICATION, DISTRIBUTION, ETC. (IMPRINT)
Place of publication, distribution, etc New Delhi
Name of publisher, distributor, etc Speaking Tiger Publishing
Date of publication, distribution, etc 2016
270 ## - ADDRESS
Address 4381/4,Ansari Road,Daryaganj
City New Delhi
Postal code 110002
300 ## - PHYSICAL DESCRIPTION
Extent 267p.
Dimensions 22cm.(pbk)
942 ## - ADDED ENTRY ELEMENTS (KOHA)
Source of classification or shelving scheme Dewey Decimal Classification
Item type English Books
Classification part N
Call number suffix SHR
Holdings
Withdrawn status Lost status Not for loan Collection code Home library Current library Date acquired Source of acquisition Cost, normal purchase price Full call number Barcode Copy number Cost, replacement price Koha item type
      Fiction Bawana Bawana 20/07/2017 DBAD/PUB 399.00 N SHR EN-102834 1 399.00 English Books

© Delhi Public Library
Hit Counter
free hit counter